WWF WrestleMania XI Match Card - Statistics

General Stats
  • This quiz has been taken 27 times
  • The average score is 16 of 18
Answer Stats
Match type Wrestler % Correct
"I Quit" Bret Hart
100%
Tag team Owen Hart
100%
Singles Shawn Michaels
100%
Singles The Undertaker
100%
Singles Diesel
94%
Tag team Lex Luger
94%
Tag team The British Bulldog
94%
Tag team Yokozuna
94%
Singles Bam Bam Bigelow
88%
"I Quit" Bob Backlund
88%
Tag team Eli Blu
88%
Tag team Jacob Blu
88%
Singles Jeff Jarrett
88%
Singles King Kong Bundy
88%
Singles Lawrence Taylor
88%
Singles Razor Ramon
88%
Tag team Bart Gunn
82%
Tag team Billy Gunn
82%
No matching quizzes found
Score Distribution
Percent of People with Each Score
Percentile by Number Answered
Your Score History
You have not taken this quiz